Normal view
MARC view
Entry Topical Term
001 - CONTROL NUMBER
- control field: 29615
003 - CONTROL NUMBER IDENTIFIER
- control field: OSt
005 - DATE AND TIME OF LATEST TRANSACTION
- control field: 20241213142435.0
008 - FIXED-LENGTH DATA ELEMENTS
- fixed length control field: 241213|| aca||aabn | a|a d
040 ## - CATALOGING SOURCE
- Original cataloging agency: OSt
- Transcribing agency: OSt
150 ## - HEADING--TOPICAL TERM
- Topical term or geographic name entry element: Fiction
- Form subdivision: Actions
- General subdivision: Humorous stories
- General subdivision: Monsters
- General subdivision: Survival
670 ## - SOURCE DATA FOUND
- Source citation: Work cat.: (OSt): Brallier, Max. 29614, The last kids on earth and the midnight blade / , 2019.